[Event "Chigorin Memorial 2019"]
[Site "Saint Petersburg"]
[Date "2019.10.12"]
[Round "8.9"]
[White "Khlebovich, Alexander"]
[Black "Volkov, Sergey"]
[Result "1/2-1/2"]
[WhiteElo "2398"]
[BlackElo "2576"]
[Annotator "ChessBase"]
[PlyCount "185"]
[EventDate "2019.10.05"]
[EventType "swiss"]
[EventCountry "RUS"]
[SourceTitle "playchess.com"]
[Source "ChessBase"]
[SourceQuality "1"]
[TimeControl "5400+30"]

1. d4 {[%emt 0:00:00]} d5 {[%emt 0:00:00]} 2. Nf3 {[%emt 0:00:00]} Nf6 {[%emt 0:00:02]} 3. c4 {[%emt 0:00:01]} c6 {[%emt 0:00:07]} 4. e3 {[%emt 0:00:18]} Bf5 {[%emt 0:00:24]} 5. Bd3 {[%emt 0:00:33]} Bg6 {[%emt 0:00:43]} 6. O-O {[%emt 0:00:37]} e6 {[%emt 0:00:16]} 7. Qc2 {[%emt 0:01:02]} Nbd7 {[%emt 0:02:04]} 8. Nbd2 {[%emt 0:01:04]} Be7 {[%emt 0:05:35]} 9. b3 {[%emt 0:01:48]} O-O {[%emt 0:00:55]} 10. Bb2 {[%emt 0:01:19]} Qc7 {[%emt 0:02:30]} 11. Rac1 {[%emt 0:05:53]} Rad8 {[%emt 0:02:22]} 12. Rfe1 {[%emt 0:01:18]} Rfe8 {[%emt 0:00:18]} 13. h3 {[%emt 0:01:28]} Qb8 {[%emt 0:04:46]} 14. Bxg6 {[%emt 0:02:55]} hxg6 {[%emt 0:00:07]} 15. c5 {[%emt 0:01:36]} Rc8 {[%emt 0:00:21]} 16. b4 {[%emt 0:00:42]} b6 {[%emt 0:02:13]} 17. Bc3 {[%emt 0:06:24]} a5 {[%emt 0:09:56]} 18. Rb1 {[%emt 0:04:28]} axb4 {[%emt 0:01:31]} 19. Bxb4 {[%emt 0:00:12]} bxc5 {[%emt 0:01:30]} 20. Bxc5 {[%emt 0:00:15]} Qa8 {[%emt 0:00:18]} 21. Bxe7 {[%emt 0:03:03]} Rxe7 {[%emt 0:00:12]} 22. Nb3 {[%emt 0:00:54]} Ne4 {[%emt 0:00:31]} 23. Nfd2 {[%emt 0:00:24]} Nxd2 {[%emt 0:02:12]} 24. Qxd2 {[%emt 0:00:15]} c5 {[%emt 0:00:10]} 25. dxc5 {[%emt 0:02:22]} Nxc5 {[%emt 0:00:27]} 26. Nxc5 {[%emt 0:00:23]} Rxc5 {[%emt 0:00:05]} 27. Qb4 {[%emt 0:00:14]} Rec7 {[%emt 0:01:05]} 28. Qb8+ {[%emt 0:00:25]} Rc8 {[%emt 0:00:32]} 29. Qxa8 {[%emt 0:00:11]} Rxa8 {[%emt 0:00:03]} 30. Rb2 {[%emt 0:00:06]} g5 {[%emt 0:04:31]} 31. Kf1 {[%emt 0:00:24]} g6 {[%emt 0:01:26]} 32. Rd1 {[%emt 0:00:15]} Kg7 {[%emt 0:00:40]} 33. Ke2 {[%emt 0:00:35]} f5 {[%emt 0:01:06]} 34. Rdd2 {[%emt 0:00:37]} Kf6 {[%emt 0:00:42]} 35. Rbc2 {[%emt 0:01:40]} Rca5 {[%emt 0:02:50]} 36. Kf3 {[%emt 0:00:18]} R8a6 {[%emt 0:00:43]} 37. g3 {[%emt 0:00:42]} Ra3 {[%emt 0:01:42]} 38. Rb2 {[%emt 0:01:39]} Ke5 {[%emt 0:00:36]} 39. Kg2 {[%emt 0:00:16]} R3a4 {[%emt 0:00:29]} 40. Kf3 {[%emt 0:02:35]} g4+ {[%emt 0:01:42]} 41. hxg4 {[%emt 0:00:16]} Rxg4 {[%emt 0:00:09]} 42. Rdc2 {[%emt 0:03:10]} Rga4 {[%emt 0:00:40]} 43. Ke2 {[%emt 0:00:39]} g5 {[%emt 0:00:30]} 44. Kd2 {[%emt 0:01:37]} Ke4 {[%emt 0:01:22]} 45. Ke2 {[%emt 0:01:50]} g4 {[%emt 0:00:22]} 46. Rd2 {[%emt 0:00:40]} R6a5 {[%emt 0:11:24]} 47. Rb6 {[%emt 0:06:55]} Ke5 {[%emt 0:03:44]} 48. Rbb2 {[%emt 0:00:35]} Rc4 {[%emt 0:03:09]} 49. Rbc2 {[%emt 0:01:53]} Ra3 {[%emt 0:02:32]} 50. Rb2 {[%emt 0:14:02]} Rc1 {[%emt 0:03:52]} 51. Rd3 {[%emt 0:01:38]} Ra4 {[%emt 0:00:48]} 52. Rd1 {[%emt 0:00:47]} Rc6 {[%emt 0:00:14]} 53. Rd3 {[%emt 0:01:43]} Ke4 {[%emt 0:02:50]} 54. Rbd2 {[%emt 0:01:24]} Rcc4 {[%emt 0:01:40]} 55. Kd1 {[%emt 0:01:19]} Ra5 {[%emt 0:01:51]} 56. Ke2 {[%emt 0:01:52]} Rc1 {[%emt 0:00:44]} 57. Rd4+ {[%emt 0:00:55]} Ke5 {[%emt 0:00:07]} 58. Rb2 {[%emt 0:00:07]} Ra1 {[%emt 0:00:40]} 59. Rdd2 {[%emt 0:00:23]} Ra4 {[%emt 0:04:39]} 60. Kd3 {[%emt 0:00:28]} Ra3+ {[%emt 0:02:28]} 61. Ke2 {[%emt 0:00:06]} Rh1 {[%emt 0:02:41]} 62. Rd3 {[%emt 0:03:01]} Ra4 {[%emt 0:00:50]} 63. Rd1 {[%emt 0:00:51]} Rh7 {[%emt 0:00:34]} 64. Rdd2 {[%emt 0:01:07]} Rha7 {[%emt 0:01:29]} 65. Kd3 {[%emt 0:00:15]} Ra3+ {[%emt 0:00:24]} 66. Ke2 {[%emt 0:00:07]} R7a4 {[%emt 0:00:14]} 67. Kf1 {[%emt 0:02:22]} Ke4 {[%emt 0:00:46]} 68. Ke2 {[%emt 0:01:26]} e5 {[%emt 0:00:50]} 69. Rb5 {[%emt 0:01:57]} d4 {[%emt 0:00:38]} 70. exd4 {[%emt 0:00:14]} exd4 {[%emt 0:02:54]} 71. Rb8 {[%emt 0:00:45]} d3+ {[%emt 0:02:01]} 72. Kf1 {[%emt 0:02:24]} Rd4 {[%emt 0:03:18]} 73. Re8+ {[%emt 0:00:20]} Kd5 {[%emt 0:00:08]} 74. f3 {[%emt 0:01:18]} gxf3 {[%emt 0:04:50]} 75. Kf2 {[%emt 0:00:24]} Rc4 {[%emt 0:01:19]} 76. Kxf3 {[%emt 0:01:10]} Rc2 {[%emt 0:00:34]} 77. Rd8+ {[%emt 0:02:28]} Kc4 {[%emt 0:00:10]} 78. Rc8+ {[%emt 0:00:35]} Kb4 {[%emt 0:00:53]} 79. Rb8+ {[%emt 0:00:06]} Kc5 {[%emt 0:00:43]} 80. Rc8+ {[%emt 0:00:55]} Kb6 {[%emt 0:01:54]} 81. Rb8+ {[%emt 0:00:19]} Kc7 {[%emt 0:00:44]} 82. Rb2 {[%emt 0:00:02]} Kc6 {[%emt 0:00:57]} 83. Ke3 {[%emt 0:00:12]} Kc5 {[%emt 0:00:10]} 84. Rb3 {[%emt 0:03:01]} Rxd2 {[%emt 0:00:40]} 85. Rxa3 {[%emt 0:01:05]} Rg2 {[%emt 0:00:11]} 86. Rxd3 {[%emt 0:00:06]} Rxg3+ {[%emt 0:00:08]} 87. Ke2 {[%emt 0:00:03]} Rg2+ {[%emt 0:00:03]} 88. Kf3 {[%emt 0:00:07]} Rxa2 {[%emt 0:00:03]} 89. Kf4 {[%emt 0:00:18]} Rf2+ {[%emt 0:00:09]} 90. Ke5 {[%emt 0:00:04]} Rf1 {[%emt 0:00:29]} 91. Rd5+ {[%emt 0:00:06]} Kc6 {[%emt 0:00:06]} 92. Rd4 {[%emt 0:00:06]} Kc5 {[%emt 0:00:40]} 93. Rf4 {[%emt 0:00:05]} 1/2-1/2

[Event "Chigorin Memorial 2019"]
[Site "Saint Petersburg"]
[Date "2019.10.12"]
[Round "8.10"]
[White "Can, Isik"]
[Black "Iljiushenok, Ilia"]
[Result "1-0"]
[WhiteElo "2361"]
[BlackElo "2540"]
[Annotator "ChessBase"]
[PlyCount "87"]
[EventDate "2019.10.05"]
[EventType "swiss"]
[EventCountry "RUS"]
[SourceTitle "playchess.com"]
[Source "ChessBase"]
[SourceQuality "1"]
[TimeControl "5400+30"]

1. e4 {[%emt 0:00:00]} c5 {[%emt 0:00:00]} 2. Nf3 {[%emt 0:00:00]} d6 {[%emt 0:00:00]} 3. d4 {[%emt 0:00:00]} cxd4 {[%emt 0:00:00]} 4. Nxd4 {[%emt 0:00:00]} Nf6 {[%emt 0:00:00]} 5. Nc3 {[%emt 0:00:00]} a6 {[%emt 0:00:06]} 6. Be3 {[%emt 0:00:00]} e5 {[%emt 0:01:23]} 7. Nb3 {[%emt 0:00:00]} Be6 {[%emt 0:02:16]} 8. h3 {[%emt 0:00:02]} Nc6 {[%emt 0:15:46]} 9. f4 {[%emt 0:01:10]} exf4 {[%emt 0:00:34]} 10. Bxf4 {[%emt 0:00:06]} Rc8 {[%emt 0:02:03]} 11. Qe2 {[%emt 0:02:56]} Nb4 {[%emt 0:01:44]} 12. O-O-O {[%emt 0:26:19]} Nxa2+ {[%emt 0:38:13]} 13. Nxa2 {[%emt 0:01:53]} Bxb3 {[%emt 0:00:13]} 14. Nc3 {[%emt 0:00:14]} Be6 {[%emt 0:04:56]} 15. e5 {[%emt 0:01:16]} Rxc3 {[%emt 0:00:34]} 16. bxc3 {[%emt 0:00:38]} Nd7 {[%emt 0:07:26]} 17. exd6 {[%emt 0:02:49]} Qa5 {[%emt 0:00:06]} 18. Qd3 {[%emt 0:27:53]} g5 {[%emt 0:08:24]} 19. Qd4 {[%emt 0:03:04]} Rg8 {[%emt 0:00:13]} 20. Bh2 {[%emt 0:01:54]} g4 {[%emt 0:06:34]} 21. Bf4 {[%emt 0:00:54]} Qa3+ {[%emt 0:00:16]} 22. Kd2 {[%emt 0:00:09]} a5 {[%emt 0:00:09]} 23. Re1 {[%emt 0:09:58]} Kd8 {[%emt 0:02:02]} 24. Ra1 {[%emt 0:02:21]} Qc5 {[%emt 0:04:45]} 25. Qxc5 {[%emt 0:02:39]} Nxc5 {[%emt 0:00:01]} 26. Rxa5 {[%emt 0:00:08]} Ne4+ {[%emt 0:00:09]} 27. Kc1 {[%emt 0:08:38]} Nxd6 {[%emt 0:00:37]} 28. Bxd6 {[%emt 0:03:19]} Bxd6 {[%emt 0:00:01]} 29. Ra8+ {[%emt 0:00:06]} Bc8 {[%emt 0:00:03]} 30. hxg4 {[%emt 0:01:20]} Rxg4 {[%emt 0:01:32]} 31. Be2 {[%emt 0:02:30]} Bf4+ {[%emt 0:02:17]} 32. Kb2 {[%emt 0:01:59]} Rxg2 {[%emt 0:00:35]} 33. Bf3 {[%emt 0:00:26]} Rg6 {[%emt 0:00:58]} 34. Rxh7 {[%emt 0:00:18]} Rb6+ {[%emt 0:02:12]} 35. Ka1 {[%emt 0:00:02]} Be5 {[%emt 0:00:18]} 36. Bg4 {[%emt 0:00:57]} Bxc3+ {[%emt 0:00:35]} 37. Ka2 {[%emt 0:00:03]} Ra6+ {[%emt 0:00:47]} 38. Rxa6 {[%emt 0:00:03]} Bxg4 {[%emt 0:00:07]} 39. Rb6 {[%emt 0:02:15]} Bf3 {[%emt 0:00:57]} 40. Kb1 {[%emt 0:00:56]} Ke7 {[%emt 0:00:35]} 41. Rh3 {[%emt 0:00:34]} Bd4 {[%emt 0:00:04]} 42. Rb4 {[%emt 0:00:09]} Bg2 {[%emt 0:00:41]} 43. Rg3 {[%emt 0:00:31]} Bc5 {[%emt 0:00:14]} 44. Rb5 {[%emt 0:00:07]} 1-0

[Event "Chigorin Memorial 2019"]
[Site "Saint Petersburg"]
[Date "2019.10.13"]
[Round "9.1"]
[White "Kokarev, Dmitry"]
[Black "Bocharov, Ivan"]
[Result "1/2-1/2"]
[WhiteElo "2593"]
[BlackElo "2550"]
[Annotator "ChessBase"]
[PlyCount "85"]
[EventDate "2019.10.05"]
[EventType "swiss"]
[EventCountry "RUS"]
[SourceTitle "playchess.com"]
[Source "ChessBase"]
[SourceQuality "1"]
[TimeControl "5400+30"]

1. e4 {[%emt 0:00:00]} c5 {[%emt 0:00:00]} 2. Nf3 {[%emt 0:00:00]} d6 {[%emt 0:00:00]} 3. d4 {[%emt 0:00:00]} cxd4 {[%emt 0:00:00]} 4. Qxd4 {[%emt 0:00:09]} Nc6 {[%emt 0:00:11]} 5. Bb5 {[%emt 0:00:15]} Bd7 {[%emt 0:00:50]} 6. Qd3 {[%emt 0:00:14]} Nf6 {[%emt 0:01:28]} 7. c4 {[%emt 0:00:22]} g6 {[%emt 0:01:08]} 8. Nc3 {[%emt 0:00:42]} Bg7 {[%emt 0:00:39]} 9. O-O {[%emt 0:00:20]} a6 {[%emt 0:01:45]} 10. Bxc6 {[%emt 0:00:18]} Bxc6 {[%emt 0:00:34]} 11. Nd4 {[%emt 0:04:11]} Nd7 {[%emt 0:04:36]} 12. Be3 {[%emt 0:03:12]} O-O {[%emt 0:00:19]} 13. f3 {[%emt 0:00:50]} Rc8 {[%emt 0:02:26]} 14. Qd2 {[%emt 0:05:31]} Nc5 {[%emt 0:03:27]} 15. Rac1 {[%emt 0:02:20]} Ne6 {[%emt 0:03:31]} 16. Nxe6 {[%emt 0:04:21]} fxe6 {[%emt 0:00:02]} 17. Bd4 {[%emt 0:00:25]} Bxd4+ {[%emt 0:05:02]} 18. Qxd4 {[%emt 0:00:16]} Qa5 {[%emt 0:00:02]} 19. Rfe1 {[%emt 0:06:10]} e5 {[%emt 0:07:32]} 20. Qd2 {[%emt 0:03:20]} b5 {[%emt 0:01:20]} 21. cxb5 {[%emt 0:00:43]} axb5 {[%emt 0:00:10]} 22. b3 {[%emt 0:04:14]} Bb7 {[%emt 0:02:27]} 23. Rc2 {[%emt 0:19:40]} Rc7 {[%emt 0:07:52]} 24. Nd1 {[%emt 0:02:42]} Qxd2 {[%emt 0:06:56]} 25. Rxd2 {[%emt 0:03:09]} b4 {[%emt 0:00:02]} 26. Ne3 {[%emt 0:00:46]} Rfc8 {[%emt 0:03:10]} 27. Kf2 {[%emt 0:00:57]} Kf7 {[%emt 0:00:09]} 28. Rb1 {[%emt 0:01:36]} Ra8 {[%emt 0:12:51]} 29. Rbb2 {[%emt 0:00:57]} Ra5 {[%emt 0:01:22]} 30. Rdc2 {[%emt 0:01:55]} Rxc2+ {[%emt 0:01:03]} 31. Nxc2 {[%emt 0:00:20]} Rb5 {[%emt 0:00:02]} 32. Ke3 {[%emt 0:03:43]} e6 {[%emt 0:01:26]} 33. a3 {[%emt 0:00:45]} bxa3 {[%emt 0:00:46]} 34. Nxa3 {[%emt 0:00:16]} Rb4 {[%emt 0:00:02]} 35. Nc2 {[%emt 0:02:20]} Rb6 {[%emt 0:00:02]} 36. b4 {[%emt 0:01:55]} d5 {[%emt 0:00:06]} 37. b5 {[%emt 0:07:03]} g5 {[%emt 0:08:54]} 38. Na3 {[%emt 0:02:44]} Ke7 {[%emt 0:01:04]} 39. Rd2 {[%emt 0:01:37]} Rd6 {[%emt 0:00:54]} 40. Rc2 {[%emt 0:02:04]} Kd7 {[%emt 0:00:01]} 41. g3 {[%emt 0:01:00]} h6 {[%emt 0:02:53]} 42. Rc1 {[%emt 0:03:53]} Kd8 {[%emt 0:00:16]} 43. Rc2 {[%emt 0:01:24]} 1/2-1/2

[Event "Chigorin Memorial 2019"]
[Site "Saint Petersburg"]
[Date "2019.10.13"]
[Round "9.2"]
[White "Petrosyan, Manuel"]
[Black "Aleksandrov, Aleksej"]
[Result "0-1"]
[WhiteElo "2611"]
[BlackElo "2577"]
[Annotator "RC"]
[PlyCount "76"]
[EventDate "2019.10.05"]
[EventType "swiss"]
[EventCountry "RUS"]
[SourceTitle "playchess.com"]
[Source "ChessBase"]
[SourceQuality "1"]
[TimeControl "5400+30"]

1. c4 {[%emt 0:03:17]} e6 {[%emt 0:00:00]} 2. Nc3 {[%emt 0:00:06]} Nf6 {[%emt 0:00:12]} 3. Nf3 {[%emt 0:02:05]} d5 {[%emt 0:00:11]} 4. e3 {[%emt 0:00:05]} dxc4 {[%emt 0:00:35]} 5. Bxc4 {[%emt 0:00:18]} c5 {[%emt 0:00:37]} 6. b3 {[%emt 0:01:21]} b6 {[%emt 0:01:58]} 7. Bb2 {[%emt 0:01:52]} Bb7 {[%emt 0:00:05]} 8. O-O {[%emt 0:04:53]} a6 {[%emt 0:03:55]} 9. Qe2 {[%emt 0:10:47]} Nbd7 {[%emt 0:10:07]} 10. a4 {[%emt 0:02:54]} Bd6 {[%emt 0:00:16]} 11. d4 {[%emt 0:02:26]} O-O {[%emt 0:03:30]} 12. Rad1 {[%emt 0:08:49]} cxd4 {[%emt 0:01:09]} 13. exd4 {[%emt 0:00:04]} Bb4 {[%emt 0:09:45]} 14. d5 {[%emt 0:14:09]} b5 {[%emt 0:17:42]} 15. dxe6 {[%emt 0:15:48]} bxc4 {[%emt 0:00:07]} 16. Na2 {[%emt 0:03:04]} Qe7 {[%emt 0:09:28]} 17. Nxb4 {[%emt 0:05:39]} cxb3 {[%emt 0:19:35]} 18. Nd4 {[%emt 0:02:47]} fxe6 {[%emt 0:02:18]} 19. Ndc6 {[%emt 0:04:07]} Qf7 {[%emt 0:03:05]} 20. Na5 {[%emt 0:00:28]} Rfb8 {[%emt 0:03:06]} 21. Nxb7 {[%emt 0:04:39]} Rxb7 {[%emt 0:00:04]} 22. Nd3 {[%emt 0:04:00]} Rc8 {[%emt 0:02:13]} 23. Rc1 {[%emt 0:00:15]} Rbc7 {[%emt 0:00:04]} 24. Rxc7 {[%emt 0:01:19]} Rxc7 {[%emt 0:00:01]} 25. Rc1 {[%emt 0:00:09]} Rxc1+ {[%emt 0:00:30]} 26. Nxc1 {[%emt 0:00:05]} Nc5 {[%emt 0:00:07]} 27. Bd4 {[%emt 0:03:26]} Nfd7 {[%emt 0:01:21]} 28. g3 {[%emt 0:03:10]} Qf5 {[%emt 0:01:41]} 29. Qe3 {[%emt 0:00:26]} Qc2 {[%emt 0:02:17]} 30. Nxb3 {[%emt 0:01:44]} Qxb3 {[%emt 0:00:41]} 31. Qc1 {[%emt 0:00:42]} Qd5 {[%emt 0:00:20]} 32. Be3 {[%emt 0:00:05]} h6 {[%emt 0:01:08]} 33. h3 {[%emt 0:00:02]} Kf7 {[%emt 0:00:15]} 34. Kh2 {[%emt 0:00:10]} Nxa4 {[%emt 0:00:48]} 35. Qc7 {[%emt 0:00:01]} Nb2 {[%emt 0:00:29]} 36. Qf4+ {[%emt 0:00:49]} Kg8 {[%emt 0:01:19]} 37. Qc7 {[%emt 0:00:55]} Nc4 {[%emt 0:00:45]} 38. Bf4 {[%emt 0:01:30]} a5 {[%emt 0:00:15]} 0-1

[Event "Chigorin Memorial 2019"]
[Site "Saint Petersburg"]
[Date "2019.10.13"]
[Round "9.3"]
[White "Gareyev, Timur"]
[Black "Sivuk, Vitaly"]
[Result "0-1"]
[WhiteElo "2591"]
[BlackElo "2559"]
[Annotator "RC"]
[PlyCount "138"]
[EventDate "2019.10.05"]
[EventType "swiss"]
[EventCountry "RUS"]
[SourceTitle "playchess.com"]
[Source "ChessBase"]
[SourceQuality "1"]
[TimeControl "5400+30"]

1. g3 {[%emt 0:03:50]} d5 {[%emt 0:00:06]} 2. Bg2 {[%emt 0:00:53]} e5 {[%emt 0:01:15]} 3. d3 {[%emt 0:00:25]} c6 {[%emt 0:00:45]} 4. Nf3 {[%emt 0:00:10]} Bd6 {[%emt 0:00:18]} 5. e4 {[%emt 0:00:09]} Nf6 {[%emt 0:01:03]} 6. O-O {[%emt 0:00:28]} O-O {[%emt 0:03:18]} 7. Qe2 {[%emt 0:04:13]} Re8 {[%emt 0:01:07]} 8. a4 {[%emt 0:01:19]} h6 {[%emt 0:02:23]} 9. Nc3 {[%emt 0:02:19]} dxe4 {[%emt 0:07:53]} 10. dxe4 {[%emt 0:05:00]} a5 {[%emt 0:02:43]} 11. Rd1 {[%emt 0:00:40]} Qc7 {[%emt 0:01:59]} 12. Nh4 {[%emt 0:06:04]} Bg4 {[%emt 0:02:07]} 13. Bf3 {[%emt 0:03:16]} Be6 {[%emt 0:00:10]} 14. Nf5 {[%emt 0:01:09]} Bc5 {[%emt 0:01:16]} 15. g4 {[%emt 0:08:45]} Nbd7 {[%emt 0:01:32]} 16. Be3 {[%emt 0:09:54]} Bxe3 17. Qxe3 {[%emt 0:00:08]} Qb6 {[%emt 0:05:12]} 18. Qxb6 Nxb6 {[%emt 0:00:07]} 19. b3 {[%emt 0:06:18]} Rad8 {[%emt 0:02:18]} 20. Kf1 {[%emt 0:04:14]} Kf8 {[%emt 0:01:41]} 21. Ke1 {[%emt 0:01:34]} Rd7 {[%emt 0:01:22]} 22. Rxd7 Nbxd7 {[%emt 0:02:41]} 23. Ke2 Nc5 {[%emt 0:00:29]} 24. Ke3 {[%emt 0:08:02]} Rd8 {[%emt 0:00:31]} 25. Be2 {[%emt 0:03:51]} h5 {[%emt 0:13:54]} 26. g5 {[%emt 0:11:49]} Ncxe4 {[%emt 0:02:52]} 27. Nxg7 {[%emt 0:05:00]} Nxg5 {[%emt 0:01:12]} 28. Nxh5 {[%emt 0:03:37]} Nxh5 {[%emt 0:03:46]} 29. Bxh5 {[%emt 0:00:02]} Rd4 {[%emt 0:00:14]} 30. Rf1 {[%emt 0:02:47]} Rh4 {[%emt 0:00:32]} 31. Be2 {[%emt 0:00:03]} Rxh2 {[%emt 0:02:18]} 32. f4 {[%emt 0:00:03]} Rh3+ {[%emt 0:00:25]} 33. Kd2 {[%emt 0:00:11]} exf4 {[%emt 0:00:10]} 34. Rxf4 {[%emt 0:00:01]} Ke7 {[%emt 0:00:39]} 35. b4 {[%emt 0:00:03]} axb4 {[%emt 0:01:30]} 36. Rxb4 {[%emt 0:00:03]} Bc8 {[%emt 0:00:09]} 37. a5 {[%emt 0:00:36]} Kd6 {[%emt 0:02:48]} 38. Rd4+ {[%emt 0:01:21]} Kc7 {[%emt 0:00:32]} 39. Rf4 {[%emt 0:00:50]} f5 {[%emt 0:02:22]} 40. Bd3 {[%emt 0:01:38]} Nf3+ {[%emt 0:05:57]} 41. Ke2 {[%emt 0:02:20]} Ne5 {[%emt 0:00:19]} 42. Na4 {[%emt 0:01:14]} Ng6 {[%emt 0:03:08]} 43. Rd4 {[%emt 0:02:23]} Rh2+ {[%emt 0:03:27]} 44. Kd1 {[%emt 0:01:07]} Ne5 {[%emt 0:01:37]} 45. Nb6 {[%emt 0:01:51]} Nxd3 {[%emt 0:04:11]} 46. cxd3 {[%emt 0:01:54]} Ra2 {[%emt 0:03:39]} 47. Ra4 {[%emt 0:00:01]} Be6 {[%emt 0:03:57]} 48. Rxa2 {[%emt 0:00:36]} Bxa2 {[%emt 0:00:02]} 49. Ke2 {[%emt 0:00:46]} Kd6 {[%emt 0:00:23]} 50. d4 {[%emt 0:00:30]} c5 {[%emt 0:01:49]} 51. Ke3 {[%emt 0:00:01]} Bb3 {[%emt 0:02:36]} 52. Nc8+ {[%emt 0:00:49]} Kd7 {[%emt 0:00:45]} 53. Nb6+ {[%emt 0:01:27]} Kc6 {[%emt 0:00:09]} 54. Nc8 {[%emt 0:00:17]} Bc2 {[%emt 0:04:02]} 55. Ne7+ {[%emt 0:00:53]} Kd6 {[%emt 0:00:50]} 56. Nc8+ {[%emt 0:00:13]} Kd5 {[%emt 0:01:53]} 57. Ne7+ {[%emt 0:00:18]} Ke6 {[%emt 0:00:25]} 58. Ng6 {[%emt 0:01:00]} Kd6 {[%emt 0:00:30]} 59. Nf4 {[%emt 0:00:30]} Be4 {[%emt 0:01:47]} 60. Ne2 {[%emt 0:00:33]} Kd5 {[%emt 0:00:41]} 61. Nf4+ {[%emt 0:00:28]} Kc4 {[%emt 0:00:15]} 62. dxc5 {[%emt 0:00:33]} Kxc5 {[%emt 0:00:06]} 63. a6 {[%emt 0:00:28]} bxa6 {[%emt 0:00:21]} 64. Kd2 {[%emt 0:00:04]} Kd4 {[%emt 0:00:28]} 65. Ne6+ {[%emt 0:00:11]} Ke5 {[%emt 0:00:18]} 66. Nc5 {[%emt 0:01:09]} a5 {[%emt 0:00:05]} 67. Kc3 {[%emt 0:00:34]} f4 {[%emt 0:00:33]} 68. Nb3 {[%emt 0:00:22]} f3 {[%emt 0:01:37]} 69. Nxa5 {[%emt 0:00:19]} Bd5 {[%emt 0:03:01] Kd4+} 0-1

[Event "Chigorin Memorial 2019"]
[Site "Saint Petersburg"]
[Date "2019.10.13"]
[Round "9.4"]
[White "Khalifman, Alexander"]
[Black "Can, Isik"]
[Result "1/2-1/2"]
[WhiteElo "2614"]
[BlackElo "2361"]
[Annotator "RC"]
[PlyCount "44"]
[EventDate "2019.10.05"]
[EventType "swiss"]
[EventCountry "RUS"]
[SourceTitle "playchess.com"]
[Source "ChessBase"]
[SourceQuality "1"]
[TimeControl "5400+30"]

1. d4 {[%emt 0:00:00]} d5 {[%emt 0:00:00]} 2. c4 {[%emt 0:00:00]} c6 {[%emt 0:00:00]} 3. Nf3 {[%emt 0:00:00]} Nf6 {[%emt 0:00:00]} 4. Qb3 {[%emt 0:00:00]} dxc4 {[%emt 0:00:00]} 5. Qxc4 {[%emt 0:00:00]} Bg4 {[%emt 0:00:00]} 6. Nbd2 {[%emt 0:00:09]} Nbd7 {[%emt 0:00:21]} 7. g3 {[%emt 0:00:08]} e6 {[%emt 0:00:10]} 8. Bg2 {[%emt 0:00:05]} Be7 {[%emt 0:00:14]} 9. O-O {[%emt 0:00:09]} O-O {[%emt 0:00:04]} 10. b3 {[%emt 0:00:06]} Rc8 {[%emt 0:01:04]} 11. e3 {[%emt 0:00:11]} b5 {[%emt 0:25:07]} 12. Qd3 {[%emt 0:00:51]} Qb6 {[%emt 0:05:37]} 13. Bb2 {[%emt 0:03:26]} c5 {[%emt 0:04:23]} 14. Rfc1 {[%emt 0:00:27]} Bh5 {[%emt 0:08:37]} 15. Qf1 {[%emt 0:00:41]} a6 {[%emt 0:15:47]} 16. a3 {[%emt 0:04:10]} Bg6 {[%emt 0:05:04]} 17. dxc5 Bxc5 {[%emt 0:06:35]} 18. b4 {[%emt 0:16:58]} Bd6 {[%emt 0:00:32]} 19. Nh4 {[%emt 0:12:17]} Bh5 {[%emt 0:02:53]} 20. Nhf3 {[%emt 0:05:45]} Bg6 {[%emt 0:00:05]} 21. Nh4 {[%emt 0:00:04]} Bh5 {[%emt 0:00:03]} 22. Nhf3 {[%emt 0:00:05]} Bg6 {[%emt 0:00:06]} 1/2-1/2

[Event "Chigorin Memorial 2019"]
[Site "Saint Petersburg"]
[Date "2019.10.13"]
[Round "9.5"]
[White "Ter-Sahakyan, Samvel"]
[Black "Polschikov, Alexey"]
[Result "1-0"]
[WhiteElo "2616"]
[BlackElo "2416"]
[Annotator "RC"]
[PlyCount "117"]
[EventDate "2019.10.05"]
[EventType "swiss"]
[EventCountry "RUS"]
[SourceTitle "playchess.com"]
[Source "ChessBase"]
[SourceQuality "1"]
[TimeControl "5400+30"]

1. e4 {[%emt 0:00:00]} e5 {[%emt 0:07:07]} 2. Nf3 {[%emt 0:00:00]} Nf6 {[%emt 0:00:17]} 3. Nxe5 {[%emt 0:00:51]} d6 {[%emt 0:00:07]} 4. Nf3 {[%emt 0:00:29]} Nxe4 {[%emt 0:00:09]} 5. Nc3 {[%emt 0:00:43]} Nxc3 {[%emt 0:00:07]} 6. dxc3 {[%emt 0:00:05]} Be7 {[%emt 0:00:13]} 7. Be3 {[%emt 0:00:08]} Nc6 {[%emt 0:00:18]} 8. Bd3 {[%emt 0:01:04]} Be6 {[%emt 0:03:34]} 9. Qe2 {[%emt 0:02:34]} Qd7 {[%emt 0:06:37]} 10. O-O-O {[%emt 0:00:36]} Bf6 {[%emt 0:00:18]} 11. h3 {[%emt 0:10:43]} O-O-O {[%emt 0:15:00]} 12. Bb5 {[%emt 0:04:27]} Kb8 {[%emt 0:01:40]} 13. g4 {[%emt 0:03:06]} h6 {[%emt 0:01:42]} 14. Kb1 {[%emt 0:00:26]} Qe8 {[%emt 0:10:03]} 15. Rhe1 {[%emt 0:01:31]} Bd7 {[%emt 0:00:55]} 16. Qf1 {[%emt 0:13:44]} Ne5 {[%emt 0:03:33]} 17. Bxd7 Qxd7 18. Nxe5 {[%emt 0:17:42]} Bxe5 {[%emt 0:04:30]} 19. Bxa7+ {[%emt 0:00:06]} Kxa7 {[%emt 0:00:04]} 20. Rxe5 {[%emt 0:00:05]} dxe5 {[%emt 0:00:07]} 21. Rxd7 {[%emt 0:00:03]} Rxd7 {[%emt 0:00:10]} 22. b4 {[%emt 0:00:06]} Rhd8 {[%emt 0:17:19]} 23. Kb2 {[%emt 0:07:45]} f6 {[%emt 0:05:26]} 24. a4 {[%emt 0:03:20]} c5 {[%emt 0:04:56]} 25. b5 {[%emt 0:06:27]} b6 {[%emt 0:01:43]} 26. Qc4 {[%emt 0:02:05]} Rd5 {[%emt 0:01:33]} 27. Qa2 {[%emt 0:03:19]} Kb7 {[%emt 0:00:06]} 28. Qc4 {[%emt 0:01:02]} Ka7 {[%emt 0:03:42]} 29. Qe4 {[%emt 0:01:18]} R5d6 {[%emt 0:00:06]} 30. h4 {[%emt 0:01:47]} Kb8 {[%emt 0:02:30]} 31. f3 {[%emt 0:02:48]} Ka7 {[%emt 0:00:17]} 32. Kb3 {[%emt 0:00:34]} R8d7 {[%emt 0:01:01]} 33. h5 {[%emt 0:01:22]} Kb8 {[%emt 0:00:26]} 34. Qh7 {[%emt 0:02:10]} Ka7 {[%emt 0:00:57]} 35. Qg8 {[%emt 0:01:22]} Rc7 {[%emt 0:01:37]} 36. Kc4 {[%emt 0:01:10]} Rd1 {[%emt 0:01:02]} 37. a5 {[%emt 0:02:01]} bxa5 {[%emt 0:01:14]} 38. Qe6 {[%emt 0:00:14]} Rcd7 {[%emt 0:02:39]} 39. Qa6+ {[%emt 0:01:40]} Kb8 {[%emt 0:00:01]} 40. Qxa5 {[%emt 0:00:16]} Rb7 {[%emt 0:00:21]} 41. Qa2 {[%emt 0:03:07]} Ra7 {[%emt 0:02:23]} 42. Qb3 {[%emt 0:00:05]} Rc7 {[%emt 0:00:53]} 43. b6 {[%emt 0:00:25]} Rc6 {[%emt 0:00:16]} 44. Kb5 {[%emt 0:00:46]} Rc8 {[%emt 0:03:25]} 45. Qf7 {[%emt 0:04:28]} Ra1 {[%emt 0:00:02]} 46. Kc4 {[%emt 0:01:29]} Ra4+ {[%emt 0:00:29]} 47. Kd5 {[%emt 0:00:34]} e4 {[%emt 0:00:35]} 48. fxe4 {[%emt 0:01:14]} Ra6 {[%emt 0:00:37]} 49. Qxg7 {[%emt 0:00:29]} Rxb6 {[%emt 0:00:07]} 50. Qxh6 {[%emt 0:00:20]} c4 {[%emt 0:00:23]} 51. Kd4 {[%emt 0:00:41]} Re8 {[%emt 0:00:20]} 52. Qg6 {[%emt 0:00:44]} Rd6+ {[%emt 0:01:02]} 53. Ke3 {[%emt 0:00:18]} Red8 {[%emt 0:00:23]} 54. h6 {[%emt 0:00:28]} Rd1 {[%emt 0:00:07]} 55. Qxf6 {[%emt 0:00:47]} Re1+ {[%emt 0:00:32]} 56. Kf2 {[%emt 0:00:10]} Rdd1 {[%emt 0:00:02]} 57. h7 {[%emt 0:00:54]} Rf1+ {[%emt 0:00:06]} 58. Kg3 {[%emt 0:00:20]} Rg1+ {[%emt 0:00:57]} 59. Kf4 {[%emt 0:00:14]} 1-0